000
00271nam a2200097Ia 4500
001
652682
005
20250826154443.0
008
250824s9999 xx 000 0 und d
245
0
_a
ECE YÜCE/ABLALAR YARAMAZLIK YAPAR MI?
_c
GÜLTEN DAYIOĞLU
260
_b
ALTIN KİTAP YAYINLARI
999
_c
652682
_d
652682